Mythologie grecque : les Labdacides maudits - Statistiques

Statistiques générales
  • Ce quiz a été pris 330 fois
  • Le résultat moyen est 5 sur 10
Statistiques - réponses
Attrocité comise/vécue Nom % Correct
Epouse sa mère, tue son père, a des enfants/frères et soeurs, se crève les yeux Œdipe
99%
Essaye d'enterrer ses frères et se pend après avoir été emmurée vivante Antigone
77%
Epouse son fils, a des enfants avec et se pend en l'apprenant Jocaste
63%
Tue sa nièce et pousse son fils au suicide Créon
43%
Abandonne son fils qui le tue Laïos
39%
S'entretue avec son frère Polynice
39%
Assiste impuissante aux drames familiaux Ismène
38%
S'entretue avec son frère Etéocle
34%
Son père condamne sa fiancée à mort. Il se tue. Hémon
21%
Combat le culte de Dionysos et meurt dechiqueté par les bacchantes Labdacos
11%
Aucun quiz correspondant
Distribution des résultats
% des personnes avec chaque résultat
Percentile par nombre de réponses
Votre historique - résultats
Vous n’avez pas pris ce quiz